Every Artist Featured on a Drake Song - Statistics

General Stats
  • This quiz has been taken 41 times
  • The average score is 30 of 83
Answer Stats
Songs Artist % Correct
Jimmy Cooks, Rich Flex 21 Savage
88%
Jumpman, Way 2 Sexy Future
88%
Light Up, Pound Cake / Paris Morton Music 2 Jay-Z
82%
Buried Alive Interlude Kendrick Lamar
82%
Wants and Needs, Girls Want Girls Lil Baby
82%
Slime You Out, Rich Baby Daddy SZA
82%
Forever, Glow Kanye West
79%
HYFR, Forever Lil Wayne
79%
Take Care, Too Good Rihanna
79%
Jodeci Freestyle, First Person Shooter J. Cole
74%
Lord Knows, Money in the Grave Rick Ross
74%
Preach, CN Tower PartyNextDoor
71%
Forever Eminem
68%
Laugh Now Cry Later, In the Bible Lil Durk
68%
Crew Love The Weeknd
68%
Company, Fair Trade Travis Scott
68%
Up All Night, Make Me Proud Nicki Minaj
59%
Portland Quavo
59%
IDGAF Yeat
59%
Yebba's Heartbreak, Die Trying Yebba
59%
Sacrifices, Ice Melts Young Thug
56%
Gently Bad Bunny
53%
On the Radar Freestyle Central Cee
53%
Pain 1993 Playboi Carti
53%
Rich Baby Daddy Sexyy Red
53%
All Me, Sacrifices 2 Chainz
50%
Not You Too Chris Brown
50%
Pimmie's Dilemma Pim
50%
One Dance Wizkid
50%
Fireworks Alicia Keys
47%
From Time Jhene Aiko
47%
IMY2 Kid Cudi
47%
Hold On, We're Going Home Majid Jordan
47%
All the Parties Chief Keef
44%
Chicago Freestyle, In the Bible Giveon
44%
Another Late Night Lil Yachty
41%
Don't Matter to Me Michael Jackson
41%
Fountains Tems
41%
All Me Big Sean
38%
After Dark, Get Along Better Ty Dolla Sign
38%
Housekeeping Knows Latto
35%
Knife Talk Project Pat
35%
Amen Teezo Touchdown
35%
Get It Together Jorja Smith
32%
One Dance Kyla
32%
Too Much, 4422 Sampha
32%
The Real Her Andre 3000
29%
Meet Your Padre Chino Pacas
26%
Fancy T.I.
26%
We'll Be Fine Birdman
24%
Shut It Down The-Dream
24%
Get It Together Black Coffee
21%
Demons Fivio Foreign
21%
No Long Talk, KMT Giggs
21%
Fancy Swizz Beatz
21%
The Motto (Remix) Tyga
21%
305 to my City Detail
18%
Faithful Dvsn
18%
Faithful Pimp C
18%
Uptown Bun B
15%
Demons Sosa Geek
15%
Replacement Girl, Successful Trey Songz
15%
I'm Goin' In, Unforgettable Young Jeezy
15%
Kick, Push (Remix) Lupe Fiasco
12%
Bria's Interlude Omarion
12%
After Dark Static Major
12%
A Night Off Lloyd
9%
Little Bit Lykke Li
6%
Girls Love Beyonce James Flauntleroy
3%
Don't U Have a Man Little Brother
3%
Think Good Thoughts Phonte
3%
Unstoppable Santigold
3%
Closer, The Last Hope Andreena Mill
0%
Don't U Have a Man Dwele
0%
Think Good Thoughts Elzhi
0%
The Last Hope Kardinal Offishall
0%
Money, AM 2 PM Nickelus F
0%
Do What U Do (Remix) No Malice
0%
Let's Call It Off Peter Bjorn and John
0%
Hust Hate Money Rich Boy
0%
Easy to Please Richie Sosa
0%
Bad Meaning Good, Make Things Right Slakah the Beatchild
0%
Special, All This Love Voyce
0%
No matching quizzes found
Score Distribution
Percent of People with Each Score
Percentile by Number Answered
Your Score History
You have not taken this quiz